Efecto de una asociación de leucaena con gramíneas mejoradas en la producción de leche

保存先:
書誌詳細
主要な著者: Sánchez, Tania, Lamela, L (著者), López, O (著者)
団体著者: e-libro, Corp
フォーマット: 論文
言語:スペイン語
出版事項: Matanzas : Estación Experimental de Pastos y Forrajes Indio Hatuey, 2003.
主題:
オンライン・アクセス:https://elibro.unach.elogim.com/es/lc/unach/titulos/12767
タグ: タグ追加
タグなし, このレコードへの初めてのタグを付けませんか!

MARC

LEADER 00000nab a2200000 a 4500
001 ELB12767
003 FlNmELB
006 m o d |
007 cr cn|||||||||
008 200906r2003 cu |||||s|||||||||||spa d
022 |a 0864-0394 
035 |a (OCoLC)955410621 
040 |a FlNmELB  |b spa  |c FlNmELB 
050 4 |a SB193  |b S669 2003 
080 |a 631/635 
082 0 4 |a 633.2  |2 22 
100 1 |a Sánchez, Tania. 
222 0 |a Pastos y forrajes 
245 1 0 |a Efecto de una asociación de leucaena con gramíneas mejoradas en la producción de leche  |h [recurso electronico] /  |c Tania Sánchez, L. Lamela, O. López. 
260 |a Matanzas :  |b Estación Experimental de Pastos y Forrajes Indio Hatuey,  |c 2003. 
300 |a [12] p. 
310 |a Trimestral 
362 0 |a Vol. 2, Num. 1 (2003)- 
533 |a Recurso electrónico. Santa Fe, Arg.: e-libro, 2015. Disponible vía World Wide Web. El acceso puede estar limitado para las bibliotecas afiliadas a e-libro. 
650 4 |a Forraje  |x Publicaciones periódicas. 
650 4 |a Pastizales  |x Publicaciones periódicas. 
650 4 |a Forage plants  |x Periodicals. 
650 4 |a Pastures  |x Periodicals. 
653 |a Publicaciones periodicas 
655 4 |a Artículos electrónicos. 
700 1 |a Lamela, L,   |e aut. 
700 1 |a López, O,   |e aut. 
710 2 |a e-libro, Corp. 
740 0 2 |a Pastos y forrajes. 
856 4 0 |u https://elibro.unach.elogim.com/es/lc/unach/titulos/12767